书目信息 |
| 题名: |
集韵
|
|
| 作者: | 丁度 著 | |
| 分册: | 上册 | |
| 出版信息: | 北京 北京市中国书店 1983.07 |
|
| 页数: | 624页 | |
| 开本: | 19cm | |
| 丛书名: | ||
| 单 册: | ||
| 中图分类: | H113.4 | |
| 科图分类: | ||
| 主题词: | 汉语--语音 , 汉语--音韵学 | |
| 电子资源: | ||
| ISBN: | ||
| 000 | 00564nam0 2200217 45 | |
| 001 | 0309231480 | |
| 005 | 20060601170222.65 | |
| 010 | @dCNY6.00(3册) | |
| 100 | @a20030923e1983 km y0chiy0120 ea | |
| 101 | 0 | @achi |
| 200 | 1 | @a集韵@AJi Yun@h上册@f(宋)丁度著@F(song)ding du zhu |
| 205 | @a影印本 | |
| 210 | @a北京@c北京市中国书店@d1983.07 | |
| 215 | @a624页@d19cm | |
| 305 | @a根据扬州使院重刻本影印 | |
| 606 | 0 | @a汉语@x语音 |
| 606 | 0 | @a汉语@x音韵学 |
| 690 | @aH113.4@v3 | |
| 701 | 0 | @a丁度@4著 |
| 801 | @aCN@bTSTC@c20060601 | |
| 905 | @dH113.4@e11:1@f1@b98327 | |
| 集韵.上册/(宋)丁度著.-影印本.-北京:北京市中国书店,1983.07 |
| 624页;19cm |
| ISBN :CNY6.00(3册) |
| ● |
| 相关链接 |
|
|
|
|
正题名:集韵
索取号:H113.4/11:1
 
预约/预借
| 序号 | 登录号 | 条形码 | 馆藏地/架位号 | 状态 | 备注 |
| 1 | 0098327 | 000830658 | 第二样本阅览室/ [索取号:H113.4/11:1] | 在馆 | |
| 2 | 0098328 | 001844721 | 第四借阅区/ [索取号:H113.4/11:1] | 在馆 | |
| 3 | 0420539 | 204205396 | 密集书库/ [索取号:H113.4/11:1] | 在馆 |